Góp phần nghiên cứu tư tưởng Hồ Chí Minh

Tuyển chọn một số bài viết trong các công trình nghiên cứu tư tưởng Hồ Chí Minh

Spremljeno u:
Bibliografski detalji
Format: Knjiga
Jezik:Vietnamese
Izdano: H. Chính trị quốc gia 1995
Teme:
Oznake: Dodaj oznaku
Bez oznaka, Budi prvi tko označuje ovaj zapis!
Thư viện lưu trữ: Mạng thư viện Đại học Đà Nẵng
LEADER 01266nam a22003498a 4500
001 000007553
003 3716
005 20111116141100.0
008 111006s1995 b 000 0 vieod
020 |d 1000b 
041 0 |a vie 
080 |a 3K5H 
082 |a 335.512  |b Gop 
084 |a A373  |b G000ó 
245 1 0 |a Góp phần nghiên cứu tư tưởng Hồ Chí Minh 
260 |a H.  |b Chính trị quốc gia  |c 1995 
300 |a 174tr  |c 19cm 
500 |a Đầu trang tên sách ghi: Học viện chính trị quốc gia Hồ Chí Minh. Phân viện Đà Nẵng 
520 |a Tuyển chọn một số bài viết trong các công trình nghiên cứu tư tưởng Hồ Chí Minh 
653 |a Hồ Chí Minh 
653 |a tư tưởng Hồ Chí Minh 
910 |a Nguyễn Thị Kim Oanh  |d 06/10/2011 
OWN |a LSP 
AVA |a UDN50  |b LSP  |d 335.512 Gop  |e available  |t Error 5001 Not defined in file expand_doc_bib_avail.  |f 1  |g 0  |h N  |i 0  |k 1 
999 |a From the UDN01 
AVA |a UDN50  |b LSP  |d 335.512 Gop  |e available  |t Error 5001 Not defined in file expand_doc_bib_avail.  |f 1  |g 0  |h N  |i 0  |k 1 
TYP |a Monograph 
TYP |a Printed language 
980 |a Mạng thư viện Đại học Đà Nẵng